| 000 | 00536nam a2200169 i 4500 | ||
|---|---|---|---|
| 001 | 34214 | ||
| 003 | ES-MaACL | ||
| 005 | 20230906154908.0 | ||
| 007 | t| | ||
| 008 | 030204s1906 sp ||||1| spa d | ||
| 100 | 1 |
_aBlanco y Sánchez, Rufino. _929311 |
|
| 245 | 1 | 0 |
_aEducación y enseñanza _b: tratado elemental de pedagogía / _cRufino Blanco y Sánchez. |
| 250 | _a4ª ed. corr. y aum. | ||
| 260 |
_aMadrid : _b[s.n., _c1906] ( _fTipografía de la Revista de Archivos) |
||
| 300 |
_a397 p. ; _c18 cm. |
||
| 852 |
_aES-MaACL _jF-10590 |
||
| 999 |
_c34214 _d34214 |
||